000 00330nam a2200145Ia 4500
008 230917s9999||||xx |||||||||||||| ||und||
040 _e78894
_aMAIN
041 _aEnglish
082 _a340 S82R
100 _aSathe, S P
245 4 _aThe right to know
260 _aBombay
_bN M Tripathi
_c1991
300 _a58 p.
942 _cBK
999 _c70486
_d70486